[Event "2 Bundesliga Mitte 2006/2007"]
[Site "Trofaiach"]
[Date "2007.03.04"]
[Round "9"]
[Board "1"]
[White "Mohr, Georg"]
[Black "Buhmann, Rainer"]
[Result "1/2-1/2"]
[WhiteElo "2478"]
[BlackElo "2532"]
[PlyCount "106"]
[EventDate "2006.10.28"]
[EventType "team"]
[EventRounds "11"]
[EventCountry "AUT"]
[WhiteTeam "Strassenbahn Graz"]
[BlackTeam "Maria Saal"]

1.Nf3 d5 2.c4 c6 3.e3 Nf6 4.d4 a6 5.Nc3 b5 6.b3 Bg4 7.Be2 e6 8.O-O Bd6 9.h3 Bf5
10.Bb2 Nbd7 11.Nh4 Be4 12.f3 Bg6 13.Nxg6 hxg6 14.Bd3 Qe7 15.f4 bxc4 16.bxc4 dxc4
17.Bxc4 Nd5 18.Qe2 Ba3 19.Rf3 Bxb2 20.Qxb2 O-O 21.Na4 Rab8 22.Qc2 a5 23.Bb3 Rfc8
24.Rc1 c5 25.Nxc5 Nxc5 26.dxc5 Rb5 27.c6 Nb4 28.Qe4 Qd6 29.Ba4 Rd5 30.Rc4 Nd3
31.Rc3 Nc5 32.Qc4 Nxa4 33.Qxa4 Rc5 34.Rxc5 Qxc5 35.Kh2 Rxc6 36.e4 Qb6 37.Rb3 Qc7
38.e5 Kh7 39.Qe4 Rc3 40.Rb2 Rc4 41.Qe3 Rc2 42.Rxc2 Qxc2 43.a3 Qc4 44.Qf2 Qc7
45.Qd4 Qc1 46.a4 g5 47.Qe4+ Kh6 48.Kg3 Qd2 49.fxg5+ Qxg5+ 50.Kf3 Qh5+ 51.Ke3 Qd1
52.Qf4+ Kg6 53.Qe4+ Kh6

[Event "2 Bundesliga Mitte 2006/2007"]
[Site "Trofaiach"]
[Date "2007.03.04"]
[Round "9"]
[Board "2"]
[White "Kaspret, Guido"]
[Black "Butunoi, Alexandru"]
[Result "1/2-1/2"]
[WhiteElo "2325"]
[BlackElo "2404"]
[PlyCount "53"]
[EventDate "2006.10.28"]
[EventType "team"]
[EventRounds "11"]
[EventCountry "AUT"]
[WhiteTeam "Maria Saal"]
[BlackTeam "Strassenbahn Graz"]

1.c4 g6 2.Nc3 Bg7 3.Nf3 c5 4.g3 Nc6 5.Bg2 e6 6.O-O Nge7 7.e4 O-O 8.d3 d6 9.Be3
Nd4 10.Ne1 a6 11.Ne2 Rb8 12.Nxd4 cxd4 13.Bf4 b5 14.b3 e5 15.Bd2 f5 16.f3 f4
17.Qc1 g5 18.g4 Qb6 19.Nc2 Nc6 20.Nb4 Nxb4 21.Bxb4 a5 22.Bd2 Bd7 23.Qa3 Ra8
24.Rfc1 Rfb8 25.Bf1 Bf8 26.Qb2 Kg7 27.Be1 {Rest unleserlich}

[Event "2 Bundesliga Mitte 2006/2007"]
[Site "Trofaiach"]
[Date "2007.03.04"]
[Round "9"]
[Board "3"]
[White "Supancic, Darko"]
[Black "Horvath, Gabor"]
[Result "1/2-1/2"]
[WhiteElo "2378"]
[BlackElo "2273"]
[PlyCount "88"]
[EventDate "2006.10.28"]
[EventType "team"]
[EventRounds "11"]
[EventCountry "AUT"]
[WhiteTeam "Strassenbahn Graz"]
[BlackTeam "Maria Saal"]

1.d4 Nf6 2.g3 g6 3.Bg2 Bg7 4.e4 d6 5.Nc3 O-O 6.h3 e5 7.Nge2 c6 8.a4 a5 9.O-O Na6
10.Be3 Nb4 11.Qd2 d5 12.exd5 Nfxd5 13.Nxd5 Nxd5 14.Bg5 Qb6 15.c3 f6 16.Bxd5+
cxd5 17.Be3 Qd6 18.Kg2 Be6 19.Rfb1 Qd7 20.Ng1 Bf5 21.Rd1 b5 22.f3 Be6 23.axb5
Qxb5 24.Ra2 Rfb8 25.Rda1 a4 26.Bh6 Bxh6 27.Qxh6 Qd3 28.dxe5 fxe5 29.Qc1 e4
30.Rxa4 Rxa4 31.Rxa4 exf3+ 32.Kf2 Bxh3 33.Nxf3 Re8 34.Ng1 Bf1 35.Rd4 Rf8+ 36.Rf4
Rxf4+ 37.Qxf4 Qb5 38.b4 Bd3 39.Nf3 Be4 40.Ne5 Qb6+ 41.Ke2 Qa6+ 42.Kf2 Qa2+
43.Ke3 Qa7+ 44.Ke2 Qa6+

[Event "2 Bundesliga Mitte 2006/2007"]
[Site "Trofaiach"]
[Date "2007.03.04"]
[Round "9"]
[Board "4"]
[White "Reschun, Sascha"]
[Black "Krebs, Johann"]
[Result "0-1"]
[WhiteElo "2234"]
[BlackElo "2276"]
[PlyCount "78"]
[EventDate "2006.10.28"]
[EventType "team"]
[EventRounds "11"]
[EventCountry "AUT"]
[WhiteTeam "Maria Saal"]
[BlackTeam "Strassenbahn Graz"]

1.e4 c5 2.Nf3 Nc6 3.d4 cxd4 4.Nxd4 g6 5.c4 Nf6 6.Nc3 Nxd4 7.Qxd4 d6 8.Be2 Bg7
9.Be3 O-O 10.Qd2 Be6 11.Rc1 Qa5 12.f3 Rfc8 13.b3 a6 14.Na4 Qxd2+ 15.Kxd2 Nd7
16.g4 f5 17.gxf5 gxf5 18.Rhg1 Kf7 19.Rcf1 Rab8 20.Nb6 Nxb6 21.Bxb6 Rc6 22.Be3 b5
23.exf5 Bxf5 24.f4 bxc4 25.Rg5 e6 26.Bh5+ Bg6 27.Bf3 Rc7 28.Re1 c3+ 29.Ke2 d5
30.f5 Bxf5 31.Bf4 Rbc8 32.Bxc7 Rxc7 33.Rxf5+ exf5 34.Bxd5+ Ke7 35.Bc4 Kd6 36.Rf1
f4 37.Kd3 Be5 38.Ke4 Re7 39.Rd1+ Kc5

[Event "2 Bundesliga Mitte 2006/2007"]
[Site "Trofaiach"]
[Date "2007.03.04"]
[Round "9"]
[Board "5"]
[White "Pesorda, Ivan"]
[Black "Ertl, Johann"]
[Result "1-0"]
[WhiteElo "2250"]
[BlackElo "2217"]
[PlyCount "49"]
[EventDate "2006.10.28"]
[EventType "team"]
[EventRounds "11"]
[EventCountry "AUT"]
[WhiteTeam "Strassenbahn Graz"]
[BlackTeam "Maria Saal"]

1.d4 Nf6 2.c4 g6 3.Nc3 Bg7 4.e4 d6 5.f4 O-O 6.Nf3 c5 7.d5 e6 8.Be2 exd5 9.cxd5
b5 10.e5 dxe5 11.fxe5 Ng4 12.Bg5 Qb6 13.O-O Nd7 14.e6 fxe6 15.dxe6 Qxe6 16.Nxb5
Rb8 17.Nc7 Qe4 18.Bd3 Bd4+ 19.Kh1 Rxf3 20.Rxf3 Qc6 21.Bc4+ Kh8 22.Ne6 Bxb2
23.Rb1 Nge5 24.Nd8 Qe4 25.Rf8+

[Event "2 Bundesliga Mitte 2006/2007"]
[Site "Trofaiach"]
[Date "2007.03.04"]
[Round "9"]
[Board "6"]
[White "Lako, Laszlo"]
[Black "Steiner, Stefan"]
[Result "1/2-1/2"]
[WhiteElo "2179"]
[BlackElo "2229"]
[PlyCount "23"]
[EventDate "2006.10.28"]
[EventType "team"]
[EventRounds "11"]
[EventCountry "AUT"]
[WhiteTeam "Maria Saal"]
[BlackTeam "Strassenbahn Graz"]

1.d4 Nf6 2.c4 g6 3.Nc3 Bg7 4.e4 d6 5.Be2 O-O 6.Bg5 Nbd7 7.Qd2 a6 8.Nf3 c6 9.O-O
Qc7 10.Rfe1 c5 11.Bf1 cxd4 12.Nxd4

[Event "2 Bundesliga Mitte 2006/2007"]
[Site "Trofaiach"]
[Date "2007.03.04"]
[Round "9"]
[Board "1"]
[White "Shengelia, Davit"]
[Black "Zaja, Ivan"]
[Result "1/2-1/2"]
[WhiteElo "2490"]
[BlackElo "2445"]
[PlyCount "88"]
[EventDate "2006.10.28"]
[EventType "team"]
[EventRounds "11"]
[EventCountry "AUT"]
[WhiteTeam "Union Styria Kleine Zeitung Graz 2"]
[BlackTeam "SG Alpine Raika Trofaiach Niklasdorf"]

1.d4 Nf6 2.Nf3 e6 3.c4 Bb4+ 4.Nc3 b6 5.Bg5 h6 6.Bh4 Bb7 7.e3 g5 8.Bg3 Ne4 9.Qc2
Bxc3+ 10.bxc3 Nxg3 11.fxg3 d6 12.Bd3 Nd7 13.Be4 Bxe4 14.Qxe4 Nf6 15.Qd3 Qe7
16.e4 Nd7 17.O-O Rg8 18.Rae1 g4 19.Nd2 Qg5 20.Rf2 Rg7 21.c5 bxc5 22.e5 d5 23.c4
c6 24.cxd5 cxd5 25.dxc5 Nxc5 26.Qb5+ Nd7 27.Nb3 Qd8 28.Nc5 Rb8 29.Qa4 a5 30.Nxd7
Qxd7 31.Qxa5 Qb5 32.Qa7 Qb6 33.Qa4+ Kf8 34.Qf4 Qb4 35.Qc1 Rg5 36.Ref1 Rb7 37.Rf4
Qb6+ 38.Kh1 Qc7 39.Qa3+ Kg7 40.Qa8 Ra7 41.Qe8 Qd7 42.Qb8 Qc7 43.Qe8 Qd7 44.Qb8
Qc7

[Event "2 Bundesliga Mitte 2006/2007"]
[Site "Trofaiach"]
[Date "2007.03.04"]
[Round "9"]
[Board "3"]
[White "Rogulj, Branko"]
[Black "Bukal, Vladimir"]
[Result "1/2-1/2"]
[WhiteElo "2413"]
[BlackElo "2414"]
[PlyCount "28"]
[EventDate "2006.10.28"]
[EventType "team"]
[EventRounds "11"]
[EventCountry "AUT"]
[WhiteTeam "Union Styria Kleine Zeitung Graz 2"]
[BlackTeam "SG Alpine Raika Trofaiach Niklasdorf"]

1.e4 e5 2.Nf3 Nc6 3.Bb5 a6 4.Ba4 Nf6 5.O-O Be7 6.Re1 b5 7.Bb3 d6 8.c3 O-O 9.h3
Na5 10.Bc2 c5 11.d4 Qc7 12.Nbd2 Bd7 13.d5 c4 14.Nf1 Rfe8

[Event "2 Bundesliga Mitte 2006/2007"]
[Site "Trofaiach"]
[Date "2007.03.04"]
[Round "9"]
[Board "4"]
[White "Stuhlik, Marko"]
[Black "Hatzl, Stefan"]
[Result "1-0"]
[WhiteElo "2229"]
[BlackElo "2159"]
[PlyCount "91"]
[EventDate "2006.10.28"]
[EventType "team"]
[EventRounds "11"]
[EventCountry "AUT"]
[WhiteTeam "SG Alpine Raika Trofaiach Niklasdorf"]
[BlackTeam "Union Styria Kleine Zeitung Graz 2"]

1.g3 d5 2.Nf3 c6 3.d3 Nf6 4.Bg2 g6 5.O-O Bg7 6.Nbd2 O-O 7.c3 Re8 8.Qc2 e5 9.e4
a5 10.b4 axb4 11.cxb4 Na6 12.Rb1 d4 13.Nc4 Nd7 14.Bd2 Nb6 15.Na5 Nc7 16.a4 Ne6
17.Rfc1 f5 18.exf5 gxf5 19.Re1 Nd7 20.Nc4 Qc7 21.a5 Nd8 22.Nxd4 Nf6 23.Nb6 Rb8
24.Nf3 Nf7 25.d4 Ne4 26.dxe5 Be6 27.Bf4 Nxe5 28.Nd4 Rbd8 29.Nxe6 Rxe6 30.Bxe4
fxe4 31.Rxe4 Rde8 32.Nc4 Nf3+ 33.Kg2 Qf7 34.Rxe6 Qxe6 35.Ne3 Nd4 36.Qc4 Qxc4
37.Nxc4 Ne2 38.Be3 Nc3 39.Rb3 Rd8 40.Bc5 Ne4 41.Be3 Nc3 42.h4 Kf7 43.g4 Ke6
44.Bc5 Rd7 45.f4 Ne4 46.Re3

[Event "2 Bundesliga Mitte 2006/2007"]
[Site "Trofaiach"]
[Date "2007.03.04"]
[Round "9"]
[Board "5"]
[White "Frank, Paul"]
[Black "Mitter, Gerd"]
[Result "0-1"]
[WhiteElo "2151"]
[BlackElo "2194"]
[PlyCount "76"]
[EventDate "2006.10.28"]
[EventType "team"]
[EventRounds "11"]
[EventCountry "AUT"]
[WhiteTeam "Union Styria Kleine Zeitung Graz 2"]
[BlackTeam "SG Alpine Raika Trofaiach Niklasdorf"]

1.d4 Nf6 2.Nf3 c5 3.g3 e6 4.Bg2 d5 5.O-O Nc6 6.c4 Be7 7.Nc3 dxc4 8.Qa4 cxd4
9.Nxd4 Qxd4 10.Bxc6+ bxc6 11.Qxc6+ Qd7 12.Qxa8 O-O 13.Qf3 Bb7 14.Qf4 Bc5 15.Be3
e5 16.Qh4 Qc6 17.f3 Bxe3+ 18.Kg2 h6 19.g4 Bg5 20.Qg3 Bf4 21.Qh4 Qb6 22.Rab1 Qe3
23.h3 e4 24.Qf2 exf3+ 25.exf3 Rd8 26.Rbd1 Rd3 27.Qxe3 Bxe3 28.Rde1 g5 29.Re2 h5
30.gxh5 Nxh5 31.Rc2 Nf4+ 32.Kg3 Ne6 33.Ne2 Bd5 34.Kg4 Ng7 35.Kg3 Nf5+ 36.Kh2 Bb6
37.Nc1 Ne3 38.Rg1 Bc7+

[Event "2 Bundesliga Mitte 2006/2007"]
[Site "Trofaiach"]
[Date "2007.03.04"]
[Round "9"]
[Board "1"]
[White "Vogt, Lothar"]
[Black "Taggatz, Mario"]
[Result "1-0"]
[WhiteElo "2479"]
[BlackElo "2283"]
[PlyCount "137"]
[EventDate "2006.10.28"]
[EventType "team"]
[EventRounds "11"]
[EventCountry "AUT"]
[WhiteTeam "Austria Graz"]
[BlackTeam "Sauwald"]

1.e4 c5 2.Nf3 e6 3.d4 cxd4 4.Nxd4 Nc6 5.Nb5 d6 6.c4 Nf6 7.N1c3 a6 8.Na3 b6 9.Be2
Be7 10.O-O O-O 11.Be3 Bb7 12.Qb3 Nd7 13.Rac1 Nc5 14.Qc2 Bf6 15.Nab1 Qe7 16.Rfd1
Rac8 17.f3 Rfd8 18.Qd2 Nb4 19.Bd4 Nxa2 20.Nxa2 Nb3 21.Bxf6 Qxf6 22.Qc3 Nxc1
23.Nxc1 Qg5 24.Qd2 Qxd2 25.Nxd2 d5 26.cxd5 exd5 27.e5 Rc2 28.Nd3 a5 29.Kf2 Ba6
30.b3 Rc3 31.Nf4 Bxe2 32.Nxe2 Rd3 33.Nf4 Rc3 34.Ke2 d4 35.Nd3 Re8 36.f4 Kf8
37.Ra1 Ra8 38.Ra2 b5 39.b4 a4 40.Ne4 Rb3 41.Nd6 Rb8 42.Kd2 Rb1 43.Ke2 Rb3 44.Nc5
Re3+ 45.Kd2 Rd8 46.Nxb5 g5 47.Rxa4 gxf4 48.Nd3 f3 49.gxf3 Rxf3 50.Nd6 Rh3 51.Ra7
Rxh2+ 52.Ke1 Kg8 53.b5 Rb8 54.Nc5 Rb2 55.Nd7 R8xb5 56.Nxb5 Rxb5 57.Kd2 h5 58.Kd3
h4 59.Kxd4 h3 60.Ke4 h2 61.Ra1 Rb4+ 62.Kf5 Rh4 63.Rh1 Kg7 64.Nf6 Rh3 65.Kg5 Kf8
66.Ng4 Ke7 67.Rxh2 Ra3 68.Rh6 Ra5 69.Kf5

[Event "2 Bundesliga Mitte 2006/2007"]
[Site "Trofaiach"]
[Date "2007.03.04"]
[Round "9"]
[Board "2"]
[White "Testor, Sebastian"]
[Black "Paehtz, Thomas"]
[Result "0-1"]
[WhiteElo "2233"]
[BlackElo "2420"]
[PlyCount "84"]
[EventDate "2006.10.28"]
[EventType "team"]
[EventRounds "11"]
[EventCountry "AUT"]
[WhiteTeam "Sauwald"]
[BlackTeam "Austria Graz"]

1.d4 Nf6 2.c4 d6 3.Nc3 Nbd7 4.Nf3 g6 5.e4 e5 6.Be2 Bg7 7.O-O O-O 8.Qc2 exd4
9.Nxd4 Nc5 10.Rd1 Re8 11.f3 Nh5 12.Bf1 c6 13.Qf2 f5 14.exf5 gxf5 15.Nce2 Be5
16.g3 Qe7 17.Rb1 a5 18.b3 Bd7 19.Bb2 a4 20.b4 a3 21.Bc1 Na4 22.f4 Bg7 23.Qf3 Nf6
24.Bxa3 Ne4 25.Rb3 c5 26.Nc2 Bc6 27.b5 Nd2 28.Qd3 Nf3+ 29.Kf2 Be4 30.Qxd6 Bxc2
31.Rxf3 Bxd1 32.Qxd1 Nc3 33.Nxc3 Rxa3 34.Qc1 Rea8 35.Be2 Qf6 36.Nd5 Qd4+ 37.Kf1
Rxf3+ 38.Bxf3 Rxa2 39.Qe3 Qxc4+ 40.Ke1 Ra1+ 41.Kd2 Qc1+ 42.Ke2 Ra2+

[Event "2 Bundesliga Mitte 2006/2007"]
[Site "Trofaiach"]
[Date "2007.03.04"]
[Round "9"]
[Board "3"]
[White "Kotz, Heinz Peter"]
[Black "Hiermann, Dietmar"]
[Result "1/2-1/2"]
[WhiteElo "2355"]
[BlackElo "2260"]
[PlyCount "45"]
[EventDate "2006.10.28"]
[EventType "team"]
[EventRounds "11"]
[EventCountry "AUT"]
[WhiteTeam "Austria Graz"]
[BlackTeam "Sauwald"]

1.e4 e5 2.Nf3 Nc6 3.Bb5 a6 4.Bxc6 dxc6 5.O-O Bg4 6.h3 Bxf3 7.Qxf3 Nf6 8.d3 Qd7
9.Nd2 Qe6 10.Nc4 Nd7 11.Qg3 f6 12.f4 O-O-O 13.fxe5 Nxe5 14.Nxe5 fxe5 15.Qf2 b6
16.Be3 Be7 17.Qf5 Kd7 18.Qh5 c5 19.Bg5 g6 20.Qh4 Bxg5 21.Qxg5 Rhf8 22.Qh6 Qe7
23.b3

[Event "2 Bundesliga Mitte 2006/2007"]
[Site "Trofaiach"]
[Date "2007.03.04"]
[Round "9"]
[Board "4"]
[White "Lautner, Josef"]
[Black "Fahrner, Kurt"]
[Result "1/2-1/2"]
[WhiteElo "2262"]
[BlackElo "2346"]
[PlyCount "91"]
[EventDate "2006.10.28"]
[EventType "team"]
[EventRounds "11"]
[EventCountry "AUT"]
[WhiteTeam "Sauwald"]
[BlackTeam "Austria Graz"]

1.d4 d5 2.Nf3 Nf6 3.c4 c6 4.e3 g6 5.Nc3 Bg7 6.Bd3 O-O 7.O-O Bg4 8.h3 Bxf3 9.Qxf3
dxc4 10.Bxc4 Nbd7 11.Rd1 e5 12.d5 e4 13.Nxe4 Nxe4 14.Qxe4 Nb6 15.Bb3 cxd5 16.Qd3
Qe7 17.a4 Rfd8 18.Qb5 Qe6 19.e4 Qxe4 20.Bg5 Rdc8 21.a5 Nc4 22.Rxd5 h6 23.Qxb7
Kh7 24.Bxh6 Rab8 25.Qxf7 Kxh6 26.Rd7 Be5 27.h4 Qxh4 28.Bxc4 Bh2+ 29.Kf1 Qxc4+
30.Qxc4 Rxc4 31.g3 Rxb2 32.Kg2 Rc3 33.Kxh2 Rxf2+ 34.Kh3 Rc5 35.Ra4 Rh5+ 36.Rh4
a6 37.Rd6 Rf1 38.Rxh5+ Kxh5 39.Rxa6 Rh1+ 40.Kg2 Ra1 41.Kf3 Ra3+ 42.Kg2 g5 43.Kh3
g4+ 44.Kg2 Ra2+ 45.Kf1 Ra3 46.Kf2

[Event "2 Bundesliga Mitte 2006/2007"]
[Site "Trofaiach"]
[Date "2007.03.04"]
[Round "9"]
[Board "5"]
[White "Aschenbrenner, Robert"]
[Black "Niederwieser, Peter"]
[Result "1/2-1/2"]
[WhiteElo "2280"]
[BlackElo "2162"]
[PlyCount "130"]
[EventDate "2006.10.28"]
[EventType "team"]
[EventRounds "11"]
[EventCountry "AUT"]
[WhiteTeam "Austria Graz"]
[BlackTeam "Sauwald"]

1.d4 d5 2.Nf3 Nc6 3.Bf4 Bg4 4.e3 e6 5.c4 Bd6 6.Bg3 Nge7 7.Nc3 O-O 8.cxd5 exd5
9.Be2 a6 10.O-O Bxg3 11.hxg3 Qd6 12.a3 Nd8 13.Ne5 Bxe2 14.Qxe2 Ne6 15.Rfc1 c5
16.Nf3 cxd4 17.exd4 Nc6 18.Qd1 Rac8 19.Na4 b5 20.Nc5 Ncxd4 21.Nxd4 Rxc5 22.Nf5
Qe5 23.Rxc5 Nxc5 24.Qxd5 Qxd5 25.Ne7+ Kh8 26.Nxd5 Rd8 27.Ne3 g6 28.Rc1 Ne4 29.g4
Rd6 30.f3 Ng5 31.Rd1 Rxd1+ 32.Nxd1 Kg7 33.Kf2 Kf6 34.Ke3 Ne6 35.Ke4 Ke7 36.Kd5
Nf4+ 37.Kc6 Nxg2 38.Kb6 Kd6 39.Nc3 h5 40.Kxa6 h4 41.Kxb5 f5 42.gxf5 gxf5 43.a4
Nf4 44.Nd1 h3 45.Nf2 h2 46.Kc4 Kc6 47.Kd4 Kb6 48.Nh1 Ka5 49.b3 Kb4 50.Ke5 Nd3+
51.Kxf5 Nc5 52.Kg4 Nxb3 53.Kg3 Kxa4 54.Kxh2 Kb4 55.f4 Kc5 56.Kh3 Kd5 57.Kg4 Nd4
58.Ng3 Ke6 59.Ne4 Nf5 60.Kg5 Ne3 61.Kg6 Ke7 62.Ng3 Ke6 63.Kg5 Ke7 64.Nf5+ Nxf5
65.Kxf5 Kf7

[Event "2 Bundesliga Mitte 2006/2007"]
[Site "Trofaiach"]
[Date "2007.03.04"]
[Round "9"]
[Board "6"]
[White "Kuran, Avelino"]
[Black "Kastner, Walter"]
[Result "1/2-1/2"]
[WhiteElo "1993"]
[BlackElo "2239"]
[PlyCount "126"]
[EventDate "2006.10.28"]
[EventType "team"]
[EventRounds "11"]
[EventCountry "AUT"]
[WhiteTeam "Sauwald"]
[BlackTeam "Austria Graz"]

1.e4 e5 2.d4 exd4 3.Qxd4 Nc6 4.Qe3 Nf6 5.Nc3 Bb4 6.Bd2 O-O 7.O-O-O Re8 8.Qg3
Rxe4 9.a3 Bxc3 10.Bxc3 d5 11.f3 Re6 12.Ne2 Rd6 13.Nd4 Nxd4 14.Bxd4 Bf5 15.Qg5
Bg6 16.h4 Nd7 17.Qg3 h5 18.Bd3 Qf8 19.Bxg6 fxg6 20.Rhe1 c5 21.Be5 Nxe5 22.Rxe5
Rad8 23.Qg5 Qf6 24.Rde1 Qxg5+ 25.hxg5 R6d7 26.Kd2 b6 27.a4 Kf7 28.g4 Rh8 29.b3
d4 30.Kd3 h4 31.f4 h3 32.R5e2 h2 33.Rh1 Re7 34.Rhxh2 Re3+ 35.Rxe3 Rxh2 36.Rf3
Rh4 37.Rg3 Ke6 38.c3 Kd5 39.c4+ Ke6 40.Ke4 a5 41.Kd3 Rh1 42.Ke4 Re1+ 43.Kf3 d3
44.Rg2 Rb1 45.Ke4 Rxb3 46.f5+ Kf7 47.Kd5 Rc3 48.Rd2 Ke7 49.Rd1 Kf7 50.Rd2 Ke7
51.fxg6 Kd7 52.Rd1 Ra3 53.Rd2 Rxa4 54.Rxd3 Ra1 55.Ke5+ Ke7 56.Rb3 Re1+ 57.Kd5
Re6 58.Rf3 Rxg6 59.Rf5 a4 60.Re5+ Kd7 61.Rf5 Ke7 62.Re5+ Kd7 63.Rf5 Ke7

[Event "2 Bundesliga Mitte 2006/2007"]
[Site "Trofaiach"]
[Date "2007.03.04"]
[Round "9"]
[Board "1"]
[White "Konopka, Michal"]
[Black "Neubauer, Martin"]
[Result "1-0"]
[WhiteElo "2426"]
[BlackElo "2480"]
[PlyCount "77"]
[EventDate "2006.10.28"]
[EventType "team"]
[EventRounds "11"]
[EventCountry "AUT"]
[WhiteTeam "ASK St Valentin"]
[BlackTeam "ASVOe Raika StVeit/Glan"]

1.Nf3 g6 2.c4 Bg7 3.Nc3 c5 4.g3 Nc6 5.Bg2 Nh6 6.d4 cxd4 7.Nxd4 Nxd4 8.Bxh6 Bxh6
9.Qxd4 O-O 10.O-O d6 11.Rfd1 Bg7 12.Qe3 Bd7 13.c5 Bc6 14.cxd6 exd6 15.Bxc6 bxc6
16.Rac1 Re8 17.Qf3 d5 18.Na4 Qa5 19.b3 Rac8 20.Rc2 Bf8 21.Kg2 h5 22.Rd3 Re6
23.e3 Rb8 24.Rdc3 Qa6 25.Qf4 Bd6 26.Nc5 Qa3 27.Qf3 Bxc5 28.Rxc5 Rb6 29.Qf4 Qa6
30.h4 Rb5 31.Rxb5 Qxb5 32.Qd4 Qb6 33.Rc5 Re4 34.Qc3 Re6 35.b4 Kh7 36.a3 Qb7
37.Kg1 Qd7 38.Ra5 Re4 39.Qc5

[Event "2 Bundesliga Mitte 2006/2007"]
[Site "Trofaiach"]
[Date "2007.03.04"]
[Round "9"]
[Board "2"]
[White "Rogic, Davor"]
[Black "Sandhoefner, Florian"]
[Result "1/2-1/2"]
[WhiteElo "2494"]
[BlackElo "2271"]
[PlyCount "110"]
[EventDate "2006.10.28"]
[EventType "team"]
[EventRounds "11"]
[EventCountry "AUT"]
[WhiteTeam "ASVOe Raika StVeit/Glan"]
[BlackTeam "ASK St Valentin"]

1.e4 c5 2.Nf3 d6 3.d4 cxd4 4.Nxd4 Nf6 5.Nc3 a6 6.Be2 e5 7.Nb3 Be7 8.O-O O-O
9.Bf3 b6 10.Re1 Bb7 11.Nd2 Nbd7 12.Nf1 b5 13.Ne3 Nb6 14.a4 b4 15.Ncd5 Nfxd5
16.exd5 a5 17.c3 bxc3 18.bxc3 f5 19.Rb1 Qc7 20.Qb3 Bd8 21.Ba3 Rc8 22.c4 f4 23.c5
fxe3 24.cxb6 exf2+ 25.Kxf2 Qc2+ 26.Qxc2 Rxc2+ 27.Kg1 Rf6 28.Rec1 Ra2 29.Rc3 Kf8
30.Rc7 Bxc7 31.bxc7 Rxa3 32.Rxb7 Ra1+ 33.Kf2 Rc1 34.Rb8+ Ke7 35.c8=Q Rxc8
36.Rxc8 e4 37.Rc7+ Kf8 38.Ra7 exf3 39.gxf3 Rh6 40.Kg3 Rg6+ 41.Kf4 Rf6+ 42.Ke4
Rh6 43.Rxa5 Rxh2 44.Ra7 Re2+ 45.Kd4 Ra2 46.Kc4 h5 47.Kb5 h4 48.a5 h3 49.Ra8+ Ke7
50.Rh8 h2 51.Rh7 Kf6 52.a6 Ke5 53.Rh5+ Kf4 54.Rh3 Ke5 55.Rh5+ Kf4

[Event "2 Bundesliga Mitte 2006/2007"]
[Site "Trofaiach"]
[Date "2007.03.04"]
[Round "9"]
[Board "3"]
[White "Tober, Gerhard"]
[Black "Jurkovic, Hryoje"]
[Result "0-1"]
[WhiteElo "2329"]
[BlackElo "2438"]
[PlyCount "96"]
[EventDate "2006.10.28"]
[EventType "team"]
[EventRounds "11"]
[EventCountry "AUT"]
[WhiteTeam "ASK St Valentin"]
[BlackTeam "ASVOe Raika StVeit/Glan"]

1.e4 c5 2.c3 Nf6 3.e5 Nd5 4.d4 cxd4 5.Nf3 Nc6 6.cxd4 d6 7.exd6 Bg4 8.Be2 e6
9.O-O Bxd6 10.Nc3 Nxc3 11.bxc3 O-O 12.h3 Bh5 13.Be3 Rc8 14.c4 b6 15.Qa4 e5
16.dxe5 Nxe5 17.g4 Qf6 18.Nh2 Bg6 19.Rad1 Be4 20.f4 Qh4 21.Rf2 Qg3+ 22.Kf1 Qxh3+
23.Kg1 Qg3+ 24.Kf1 Qxe3 25.Rxd6 Nxc4 26.Bxc4 Qc1+ 27.Rd1 Qxc4+ 28.Qxc4 Rxc4
29.Nf3 Bxf3 30.Rxf3 Rfc8 31.a3 Rc1 32.Rxc1 Rxc1+ 33.Kg2 Kf8 34.g5 Rc7 35.Rd3 Ke7
36.Kf3 f6 37.gxf6+ Kxf6 38.Kg4 g6 39.Rd6+ Ke7 40.Rd3 Rc5 41.Rd4 b5 42.Rd3 a5
43.Rd2 b4 44.a4 h5+ 45.Kh4 Ke6 46.Rd8 Kf5 47.Rf8+ Ke4 48.Rf6 Kd3

[Event "2 Bundesliga Mitte 2006/2007"]
[Site "Trofaiach"]
[Date "2007.03.04"]
[Round "9"]
[Board "4"]
[White "Mazi, Leon"]
[Black "Heimberger, Reinhard"]
[Result "1-0"]
[WhiteElo "2350"]
[BlackElo "2294"]
[PlyCount "67"]
[EventDate "2006.10.28"]
[EventType "team"]
[EventRounds "11"]
[EventCountry "AUT"]
[WhiteTeam "ASVOe Raika StVeit/Glan"]
[BlackTeam "ASK St Valentin"]

1.e4 c5 2.Nf3 e6 3.d4 cxd4 4.Nxd4 a6 5.Nc3 b5 6.Bd3 Bb7 7.O-O Qc7 8.Kh1 Nf6
9.Qe1 Nc6 10.Nb3 Be7 11.f4 d6 12.Bd2 O-O 13.Qg3 b4 14.Na4 Nd7 15.c3 Nc5 16.Naxc5
dxc5 17.Rac1 a5 18.Be3 Qb6 19.Qf2 Rfd8 20.Nxc5 Qc7 21.Bb1 Ba6 22.Nxa6 Rxa6
23.Qe2 Qb7 24.cxb4 axb4 25.Qc4 e5 26.Rfd1 Rxd1+ 27.Rxd1 exf4 28.Bxf4 Nd8 29.e5
g6 30.Be4 Qa7 31.Bd5 Ne6 32.Bh6 Nd8 33.Qc8 Qb6 34.Qd7

[Event "2 Bundesliga Mitte 2006/2007"]
[Site "Trofaiach"]
[Date "2007.03.04"]
[Round "9"]
[Board "6"]
[White "Kuess, Mario"]
[Black "Trauner, Rudolf"]
[Result "1-0"]
[WhiteElo "2138"]
[BlackElo "2233"]
[PlyCount "38"]
[EventDate "2006.10.28"]
[EventType "team"]
[EventRounds "11"]
[EventCountry "AUT"]
[WhiteTeam "ASVOe Raika StVeit/Glan"]
[BlackTeam "ASK St Valentin"]

1.f4 Nf6 2.Nf3 g6 3.e3 Bg7 4.Be2 c5 5.O-O O-O 6.d3 d5 7.Qe1 Nc6 8.Qh4 Bg4 9.Nbd2
Qc7 10.h3 Bxf3 11.Nxf3 e5 12.e4 dxe4 13.dxe4 Nd4 14.Bd1 Nxf3+ 15.Bxf3 Rad8 16.f5
Ne8 17.Be2 gxf5 18.Rxf5 Qd6 19.Be3 Nf6

[Event "2 Bundesliga Mitte 2006/2007"]
[Site "Trofaiach"]
[Date "2007.03.04"]
[Round "9"]
[Board "1"]
[White "Haba, Petr"]
[Black "Wach, Markus"]
[Result "1/2-1/2"]
[WhiteElo "2514"]
[BlackElo "2385"]
[PlyCount "49"]
[EventDate "2006.10.28"]
[EventType "team"]
[EventRounds "11"]
[EventCountry "AUT"]
[WhiteTeam "SC Ansfelden"]
[BlackTeam "Fuerstenfeld"]

1.d4 f5 2.g3 Nf6 3.Bg2 e6 4.Nf3 Be7 5.O-O O-O 6.c4 Ne4 7.Qc2 Bf6 8.Nbd2 d5 9.b3
c5 10.cxd5 exd5 11.Bb2 cxd4 12.Nxd4 Qb6 13.N2f3 Nc6 14.e3 Bd7 15.Nxc6 bxc6
16.Rac1 c5 17.Rfd1 Be6 18.Bxf6 Rxf6 19.Ne5 Rc8 20.Qb2 Rff8 21.Nd3 d4 22.exd4
cxd4 23.Rxc8 Bxc8 24.Nf4 Rd8 25.h4

[Event "2 Bundesliga Mitte 2006/2007"]
[Site "Trofaiach"]
[Date "2007.03.04"]
[Round "9"]
[Board "2"]
[White "Kuba, Guenter"]
[Black "Knoll, Hermann"]
[Result "1/2-1/2"]
[WhiteElo "2391"]
[BlackElo "2373"]
[PlyCount "96"]
[EventDate "2006.10.28"]
[EventType "team"]
[EventRounds "11"]
[EventCountry "AUT"]
[WhiteTeam "Fuerstenfeld"]
[BlackTeam "SC Ansfelden"]

1.e4 c5 2.Nf3 d6 3.d4 cxd4 4.Nxd4 Nf6 5.Nc3 a6 6.Be2 e5 7.Nb3 Be7 8.O-O Be6 9.f4
Qc7 10.f5 Bc4 11.g4 h6 12.a4 Nbd7 13.Be3 Rc8 14.h3 b6 15.Rf2 Qb7 16.Bf3 Bxb3
17.cxb3 Nc5 18.Qc2 d5 19.Nxd5 Nxd5 20.exd5 Bh4 21.Rff1 O-O 22.b4 Nd7 23.Qb3 e4
24.Bxe4 Bf6 25.Bg2 Rfe8 26.Rac1 Bxb2 27.Rxc8 Qxc8 28.Bxb6 Nxb6 29.Qxb2 Nxa4
30.Qd2 Nb6 31.f6 Nc4 32.Qc3 Ne3 33.Qxc8 Rxc8 34.Ra1 Nxg2 35.Kxg2 Rc4 36.Rxa6
Rxb4 37.Kf3 Rd4 38.Ra8+ Kh7 39.Rf8 Kg6 40.fxg7 Kxg7 41.Rd8 Kf6 42.Rd6+ Ke7
43.Rxh6 Rxd5 44.h4 Ra5 45.h5 Ra3+ 46.Kf4 Ra4+ 47.Kg5 Ra5+ 48.Kh4 Kf8

[Event "2 Bundesliga Mitte 2006/2007"]
[Site "Trofaiach"]
[Date "2007.03.04"]
[Round "9"]
[Board "3"]
[White "Hellmayr, Alois"]
[Black "Kilgus, Georg"]
[Result "1/2-1/2"]
[WhiteElo "2315"]
[BlackElo "2360"]
[PlyCount "28"]
[EventDate "2006.10.28"]
[EventType "team"]
[EventRounds "11"]
[EventCountry "AUT"]
[WhiteTeam "SC Ansfelden"]
[BlackTeam "Fuerstenfeld"]

1.Nf3 Nf6 2.g3 c5 3.c4 g6 4.b3 Bg7 5.Bb2 Nc6 6.Bg2 d6 7.Nc3 O-O 8.d4 cxd4 9.Nxd4
Bd7 10.O-O Rc8 11.Qd2 a6 12.Nxc6 Bxc6 13.Nd5 Bxd5 14.cxd5 Qd7

[Event "2 Bundesliga Mitte 2006/2007"]
[Site "Trofaiach"]
[Date "2007.03.04"]
[Round "9"]
[Board "4"]
[White "Frosch, Erich"]
[Black "Rumpl, Erwin"]
[Result "1/2-1/2"]
[WhiteElo "2320"]
[BlackElo "2288"]
[PlyCount "34"]
[EventDate "2006.10.28"]
[EventType "team"]
[EventRounds "11"]
[EventCountry "AUT"]
[WhiteTeam "Fuerstenfeld"]
[BlackTeam "SC Ansfelden"]

1.d4 g6 2.Nf3 Bg7 3.g3 f5 4.Bg2 Nf6 5.O-O O-O 6.c4 d6 7.Nc3 Qe8 8.d5 a5 9.Nb5
Na6 10.Bd2 c6 11.Nbd4 e5 12.dxe6 Nc5 13.Ng5 Bxe6 14.Ngxe6 Nxe6 15.Nxe6 Qxe6
16.Qc2 Ne4 17.Rad1 Nxd2